000 00290nam a22001337a 4500
008 170407b xxu||||| |||| 00| 0 eng d
020 _a9780078042911
041 _aeng
080 _23RD
_a616
100 _a9
101 _aSHM
245 _aPATHOPHYSIOLOGY
_cNOWAK, TH.J
942 _2udc
_cBK
999 _c10111
_d10111